Digital labour and Karl Marx /

Bibliographic Details
Main Author: Fuchs, Christian, 1976-
Format: Book
Language:English
Published: New York, NY : Routledge, Taylor & Francis Group, 2014.
Subjects:

MARC

Tag First Indicator Second Indicator Subfields
LEADER 00000cam a2200000 i 4500
001 in00003457513
005 20151206101255.0
008 130509s2014 nyua b 001 0 eng
010 |a  2013017800 
016 7 |a 016482292  |2 Uk 
019 |a 873985401 
020 |a 9780415716154 (hardback) 
020 |a 0415716152 (hardback) 
020 |z 9781315880075 (ebook) 
020 |a 0415716160 
020 |a 9780415716161 
024 8 |a 40023051162 
035 |a (OCoLC)ocn843785416 
035 |a (OCoLC)843785416  |z (OCoLC)873985401 
040 |a DLC  |b eng  |e rda  |c DLC  |d YDX  |d OCLCO  |d YDXCP  |d BTCTA  |d OCLCF  |d YUS  |d LGG  |d UKMGB  |d UtOrBLW 
042 |a pcc 
049 |a TXAM 
050 0 0 |a HD8039.K59  |b F83 2014 
082 0 0 |a 335.4/12  |2 23 
100 1 |a Fuchs, Christian,  |d 1976- 
245 1 0 |a Digital labour and Karl Marx /  |c Christian Fuchs. 
264 1 |a New York, NY :  |b Routledge, Taylor & Francis Group,  |c 2014. 
300 |a xv, 403 pages :  |b illustrations ;  |c 24 cm 
336 |a text  |b txt  |2 rdacontent 
337 |a unmediated  |b n  |2 rdamedia 
338 |a volume  |b nc  |2 rdacarrier 
504 |a Includes bibliographical references (pages 363-388) and index. 
650 0 |a Knowledge workers. 
650 0 |a Information technology  |x Economic aspects. 
650 0 |a Information technology  |x Social aspects. 
650 0 |a Industrial sociology. 
650 7 |a Industrial sociology.  |2 fast  |0 (OCoLC)fst00971738 
650 7 |a Information technology  |x Economic aspects.  |2 fast  |0 (OCoLC)fst00973097 
650 7 |a Information technology  |x Social aspects.  |2 fast  |0 (OCoLC)fst00973131 
650 7 |a Knowledge workers.  |2 fast  |0 (OCoLC)fst00988189 
948 |a cataloged  |b h  |c 2014/6/9  |d c  |e ceaton  |f 9:45:02 am 
994 |a C0  |b TXA 
999 |a MARS 
999 f f |s a8fd6281-bb93-380a-98a9-bce44278ca56  |i 89181347-02a1-3cf2-a977-243d9d8a43b8  |t 0 
952 f f |p normal  |a Texas A&M University  |b College Station  |c Sterling C. Evans Library  |d Evans: Library Stacks  |t 0  |e HD8039.K59 F83 2014  |h Library of Congress classification  |i unmediated -- volume  |m A14842472277 
998 f f |a HD8039.K59 F83 2014  |t 0  |l Evans: Library Stacks